| 000 | 01731cam a2200337 i 4500 | ||
|---|---|---|---|
| 001 | 18174294 | ||
| 005 | 20240530110538.0 | ||
| 008 | 140602s2015 paua f b 001 0 eng | ||
| 020 | _a9781451194340 | ||
| 020 | _a145119434X | ||
| 035 | _a(DNLM)101633736 | ||
| 040 |
_aDNLM/DLC _cDLC _erda _dDLC |
||
| 082 | 0 | 4 |
_a616.89 / _bS K _221 |
| 100 | 1 |
_aSadock, Benjamin J., _d1933- |
|
| 245 | 1 | 0 |
_aKaplan & Sadock's synopsis of psychiatry : _bbehavioral sciences/clinical psychiatry / _cBenjamin James Sadock, Virginia Alcott Sadock, Pedro Ruiz. |
| 246 | 1 | _aKaplan and Sadock's synopsis of psychiatry | |
| 246 | 1 | _aSynopsis of psychiatry | |
| 250 |
_a11th ed. / _bBenjamin James Sadock, Virginia Alcott Sadock, Pedro Ruiz. |
||
| 260 |
_aPhiladelphia : _bWolters Kluwer, _cc2015. |
||
| 300 |
_axvi, 1472 p.: _bill. ; _c27 cm. |
||
| 500 | _aPreceded by Kaplan & Sadock's synopsis of psychiatry / Benjamin James Sadock, Virginia Alcott Sadock. 10th ed. 2007. | ||
| 504 | _aIncludes bibliographical references and index. | ||
| 520 | _a"The goal of this book is to foster professional competence and ensure the highest quality care to those with mental illness. An eclectic, multidisciplinary approach has been its hallmark; thus, biological, psychological, and sociological factors are equitably presented as they affect the person in health and disease"-- | ||
| 650 | 0 | 4 | _aMental Disorders. |
| 700 | 1 |
_aSadock, Virginia A., _eauthor. |
|
| 700 | 1 |
_aRuiz, Pedro, _d1936- _eauthor. |
|
| 906 |
_a7 _bcbc _corignew _d1 _eecip _f20 _gy-gencatlg |
||
| 942 |
_2ddc _cBK |
||
| 999 |
_c62208 _d62208 |
||